A Branca de Neve e os sete anões (Registo nº 4542)

Detalhes MARC
000 -Etiqueta do registo
Cabeçalho 00721nam0a2200241 4500
005 - Identificador da versão
Campo de controlo 20240813122105.0
010 ## - Número internacional normalizado dos livros (ISBN)
Número (ISBN) 9722615866
021 ## - Número do Depósito Legal
Código do país PT
Número 137343/99
100 ## - Dados gerais de processamento
Dados gerais de processamento 20161125d1999 b y0pory5003 ba
102 ## - Pais de publicação ou produção
País de publicação Portugal
101 1# - Língua de publicação
Língua do texto, banda sonora, etc. Português
Língua do documento no original Francês
215 ## - Descrição física 
Indicação específica da natureza do documento e extensão da espécie [20] p.
Outras indicações físicas il. color
200 1# - Titulo e menção de responsabilidade
Título próprio A Branca de Neve e os sete anões
Primeira menção de responsabilidade texto e il. de Gauthier Dosimont
225 1# - Colecção 
Título próprio da colecção Histórias de sempre
210 ## - Publicação, Distribuição, etc. 
Lugar da edição, distribuição, etc. [S. l.]
Nome do editor, distribuidor, etc. Civilização
Data da publicação, distribuição, etc. D. L. 1999
606 ## - Nome comum usado como assunto
Número de registo de entrada de autoridade 0001472
Palavra de ordem Literatura belga em língua francesa
Subdivisão de assunto Conto
Código do sistema CA
675 ## - Classificação Decimal Universal (CDU)
Notação 821.133.1(493)-34
Edição 3ª ed.
Língua da edição por
702 #1 - Nome de autor-pessoa física (responsabilidade secundária)
Número de registo de entrada de autoridade 0000796
Palavra de ordem Dosimont
Outra parte do nome não tomada para palavra de ordem Gauthier
Código de função Adaptador
-- Ilustrador / Técnico de desenho computorizado
966 ## - Identificação da Biblioteca
Sigla EBVEN
942 ## - Elementos de entrada adicionados (Koha)
Tipo de item no Koha Livro
Exemplares
Situação do levantamento Origin of item (home branch) (coded) Biblioteca de empréstimo Código de barras Cota Circulation type (not for loan) Tipo de documento Nota do exemplar Damaged status
  Biblioteca Escolar das Vendas Biblioteca Escolar das Vendas BEV25 8EST DOS   Livro Sem mensagem